'How many are there?' Quiz #2 - Statistics

General Stats
  • This quiz has been taken 39 times
  • The average score is 12 of 22
Answer Stats
Thing Quantity % Correct
Teeth in a human mouth 28/32
97%
Countries in the United Kingdom 4
97%
Periods in a hockey game 3
83%
Canadian Provinces 10
80%
M&M Colors 6
80%
Great Lakes 5
77%
Harry Potter books 7
77%
Holes on a golf course 18
73%
Keys on a piano 88
70%
Presidents of the United States 46
67%
Countries bordering Russia 14
60%
Countries with over 100 million people 13
57%
Amendments to the US constitution 27
50%
Ounces in a cup 8
50%
James Bond Films 24
47%
Baskin-Robbins Flavors 31
37%
Arondissements in Paris 20
33%
Smithsonian Museums 19
27%
Deaths on 9/11 2977
23%
NATO Members 30
20%
Moons of Jupiter 79
17%
Double Stitches on a baseball 108
3%
No matching quizzes found
Score Distribution
Percent of People with Each Score
Percentile by Number Answered
Your Score History
You have not taken this quiz